Dios se hizo hombre (Record no. 148014)
[ view plain ]
| 000 -LEADER | |
|---|---|
| campo de control de longitud fija | 00642nam a2200181 4500 |
| 001 - NÚMERO DE CONTROL | |
| campo de control | 148014 |
| 003 - IDENTIFICADOR DE NÚMERO DE CONTROL | |
| campo de control | ES-MaACL |
| 005 - FECHA Y HORA DE LA ÚLTIMA TRANSACCIÓN | |
| campo de control | 20251122140130.0 |
| 007 - CAMPO FIJO DE DESCRIPCIÓN FÍSICA--INFORMACIÓN GENERAL | |
| campo de control de longitud fija | t| |
| 008 - DATOS DE LONGITUD FIJA--INFORMACIÓN GENERAL | |
| campo de control de longitud fija | 070214s1967 sp r ||||1| spa d |
| 100 1# - ENTRADA PRINCIPAL--NOMBRE DE PERSONA | |
| Nombre de persona | Stibbs, Alan M. |
| 9 (RLIN) | 108196 |
| 245 10 - MENCIÓN DEL TÍTULO | |
| Título | Dios se hizo hombre |
| Resto del título | : (algunas consideraciones del cómo y el por qué) : [la cristología de Filipenses 2] / |
| Mención de responsabilidad, etc. | Alan M. Stibbs ; [traducción, José Grau ]. |
| 260 ## - PUBLICACIÓN, DISTRIBUCIÓN, ETC. | |
| Lugar de publicación, distribución, etc. | Barcelona : |
| Nombre del editor, distribuidor, etc. | Ed. Evangélicas Europeas, |
| Fecha de publicación, distribución, etc. | [1967] ( |
| Fabricante | Tipoprint) |
| 300 ## - DESCRIPCIÓN FÍSICA | |
| Extensión | 74 p. ; |
| Dimensiones | 19 cm. |
| 700 1# - ENTRADA AGREGADA--NOMBRE PERSONAL | |
| Nombre de persona | Grau, José, |
| Fechas asociadas al nombre | 1931- |
| 9 (RLIN) | 162643 |
| 852 ## - LOCALIZACIÓN | |
| Ubicación | ES-MaACL |
| Número de control de estantería | C-32646 |
| Sublocalización o colección | R.63548 |
| Estatus retirado | Estado de pérdida | Estado de daño | No para préstamo | Biblioteca de origen | Biblioteca actual | Ubicación en estantería | Fecha de adquisición | Fuente de adquisición | Total de préstamos | Signatura topográfica completa | Código de barras | Visto por última vez | Precio de reemplazo | Tipo de ítem Koha |
|---|---|---|---|---|---|---|---|---|---|---|---|---|---|---|
| Biblioteca del Ateneo de Madrid | Biblioteca del Ateneo de Madrid | Depósito 2 | 17/01/2008 | C-32646 | 1154468 | 23/02/2023 | 23/02/2023 | Libro impreso |
